Vista normal Vista MARC

Entrada Topical Term

Número de registros utilizados en: 1

001 - CONTROL NUMBER

  • control field: 4254

003 - CONTROL NUMBER IDENTIFIER

  • control field: OSt

005 - DATE AND TIME OF LATEST TRANSACTION

  • control field: 20200513122022.0

008 - FIXED-LENGTH DATA ELEMENTS

  • fixed length control field: 200513|| aca||aabn | a|a d

040 ## - CATALOGING SOURCE

  • Original cataloging agency: OSt
  • Transcribing agency: OSt

150 ## - HEADING--TOPICAL TERM

  • Topical term or geographic name entry element: Urbanismo Uso de la tierra

670 ## - SOURCE DATA FOUND

  • Source citation: Work cat.: (OSt)4362: Currie, Lauchlin, autor 4251, La política urbana en un marco macroeconómico : , 1982